Retail Banking Technology Strategies and Resources That Seize the Competitive Advantage

Salvato in:
Dettagli Bibliografici
Autore principale: Violano, Michael
Altri autori: Collie, Shimon-Craig Van
Natura: Libro
Lingua:inglese
Pubblicazione: New York Wiley & Sons 1992
Edizione:1. ed.
Soggetti:
Tags: Aggiungi Tag
Nessun Tag, puoi essere il primo ad aggiungerne!!

MARC

LEADER 00000nam a2200000 4500
001 c016839
005 20221206083538.5
020 |a 0-471-53174-X 
041 0 |a eng 
044 |a US 
245 1 0 |a Retail Banking Technology  |b Strategies and Resources That Seize the Competitive Advantage  |c Michael Violano, Shimon-Craig Van Collie 
250 |a 1. ed. 
264 1 |a New York  |b Wiley & Sons  |c 1992 
300 |a 223 s. 
610 2 0 |a bankovníctvo 
610 2 0 |a banky 
610 2 0 |a služby bankové 
610 2 0 |a USA 
610 2 0 |a konkurencia 
610 2 0 |a konkurencieschopnosť 
100 1 |a Violano, Michael 
700 1 |a Collie, Shimon-Craig Van